000
00316nam a22001457a 4500
008
230720b ||||| |||| 00| 0 eng d
020
_a
9780521317948
041
_a
eng
080
_a
101
082
_a
101DAN
100
_a
44
101
_a
FILOZO
245
_a
JUST HEALTH CARE
_c
DANIELS NORMAN
942
_2
udc
_c
BK
999
_c
60183
_d
60183